<?xml version="1.0" encoding="UTF-8"?>
<record
    xmlns:xsi="http://www.w3.org/2001/XMLSchema-instance"
    xsi:schemaLocation="http://www.loc.gov/MARC21/slim http://www.loc.gov/standards/marcxml/schema/MARC21slim.xsd"
    xmlns="http://www.loc.gov/MARC21/slim">

  <leader>02095nam a22003137a 4500</leader>
  <controlfield tag="003">NALT</controlfield>
  <controlfield tag="005">20250904151525.0</controlfield>
  <controlfield tag="008">211028b        th ||||| |||| 00| 0 tha d</controlfield>
  <datafield tag="040" ind1=" " ind2=" ">
    <subfield code="a">NALT</subfield>
  </datafield>
  <datafield tag="050" ind1=" " ind2=" ">
    <subfield code="a">LG 395.S92</subfield>
    <subfield code="b">&#xE23;425&#xE1B; 2562</subfield>
  </datafield>
  <datafield tag="110" ind1="2" ind2=" ">
    <subfield code="a">&#xE21;&#xE2B;&#xE32;&#xE27;&#xE34;&#xE17;&#xE22;&#xE32;&#xE25;&#xE31;&#xE22;&#xE23;&#xE32;&#xE0A;&#xE20;&#xE31;&#xE0F;&#xE2A;&#xE27;&#xE19;&#xE2A;&#xE38;&#xE19;&#xE31;&#xE19;&#xE17;&#xE32;</subfield>
    <subfield code="x">&#xE1B;&#xE23;&#xE30;&#xE27;&#xE31;&#xE15;&#xE34;</subfield>
    <subfield code="9">54711</subfield>
  </datafield>
  <datafield tag="245" ind1="1" ind2="0">
    <subfield code="a">80 &#xE1B;&#xE35; &#xE21;&#xE2B;&#xE32;&#xE27;&#xE34;&#xE17;&#xE22;&#xE32;&#xE25;&#xE31;&#xE22;&#xE23;&#xE32;&#xE0A;&#xE20;&#xE31;&#xE0F;&#xE2A;&#xE27;&#xE19;&#xE2A;&#xE38;&#xE19;&#xE31;&#xE19;&#xE17;&#xE32; /</subfield>
    <subfield code="c">&#xE21;&#xE2B;&#xE32;&#xE27;&#xE34;&#xE17;&#xE22;&#xE32;&#xE25;&#xE31;&#xE22;&#xE23;&#xE32;&#xE0A;&#xE20;&#xE31;&#xE0F;&#xE2A;&#xE27;&#xE19;&#xE2A;&#xE38;&#xE19;&#xE31;&#xE19;&#xE17;&#xE32;.</subfield>
  </datafield>
  <datafield tag="246" ind1="3" ind2="0">
    <subfield code="b">&#xE2B;&#xE19;&#xE31;&#xE07;&#xE2A;&#xE37;&#xE2D;&#xE17;&#xE35;&#xE48;&#xE23;&#xE30;&#xE25;&#xE36;&#xE01; 80 &#xE1B;&#xE35; &#xE21;&#xE2B;&#xE32;&#xE27;&#xE34;&#xE17;&#xE22;&#xE32;&#xE25;&#xE31;&#xE22;&#xE23;&#xE32;&#xE0A;&#xE20;&#xE31;&#xE0F;&#xE2A;&#xE27;&#xE19;&#xE2A;&#xE38;&#xE19;&#xE31;&#xE19;&#xE17;&#xE32;.</subfield>
  </datafield>
  <datafield tag="250" ind1=" " ind2=" ">
    <subfield code="a">&#xE1E;&#xE34;&#xE21;&#xE1E;&#xE4C;&#xE04;&#xE23;&#xE31;&#xE49;&#xE17;&#xE35;&#xE48; 1.</subfield>
  </datafield>
  <datafield tag="260" ind1=" " ind2=" ">
    <subfield code="a">&#xE01;&#xE23;&#xE38;&#xE07;&#xE40;&#xE17;&#xE1E;&#xE2F; :</subfield>
    <subfield code="b">&#xE21;&#xE2B;&#xE32;&#xE27;&#xE34;&#xE17;&#xE22;&#xE32;&#xE25;&#xE31;&#xE22;&#xE23;&#xE32;&#xE0A;&#xE20;&#xE31;&#xE0F;&#xE2A;&#xE27;&#xE19;&#xE2A;&#xE38;&#xE19;&#xE31;&#xE19;&#xE17;&#xE32;,</subfield>
    <subfield code="c">2562.</subfield>
  </datafield>
  <datafield tag="300" ind1=" " ind2=" ">
    <subfield code="a">156 &#xE2B;&#xE19;&#xE49;&#xE32; :</subfield>
    <subfield code="b">&#xE20;&#xE32;&#xE1E;&#xE1B;&#xE23;&#xE30;&#xE01;&#xE2D;&#xE1A; ;</subfield>
    <subfield code="c">30 &#xE0B;&#xE21;.</subfield>
  </datafield>
  <datafield tag="610" ind1="2" ind2="4">
    <subfield code="9">55193</subfield>
    <subfield code="a">&#xE15;&#xE33;&#xE2B;&#xE19;&#xE31;&#xE01;&#xE1E;&#xE23;&#xE30;&#xE27;&#xE34;&#xE21;&#xE32;&#xE14;&#xE32;&#xE40;&#xE18;&#xE2D;</subfield>
  </datafield>
  <datafield tag="610" ind1="2" ind2="4">
    <subfield code="9">55194</subfield>
    <subfield code="a">&#xE15;&#xE33;&#xE2B;&#xE19;&#xE31;&#xE01;&#xE1E;&#xE23;&#xE30;&#xE2D;&#xE07;&#xE04;&#xE4C;&#xE40;&#xE08;&#xE49;&#xE32;&#xE28;&#xE28;&#xE34;&#xE1E;&#xE07;&#xE29;&#xE4C;&#xE1B;&#xE23;&#xE30;&#xE44;&#xE1E;</subfield>
  </datafield>
  <datafield tag="610" ind1="2" ind2="4">
    <subfield code="9">55195</subfield>
    <subfield code="a">&#xE15;&#xE33;&#xE2B;&#xE19;&#xE31;&#xE01;&#xE1E;&#xE23;&#xE30;&#xE40;&#xE08;&#xE49;&#xE32;&#xE1A;&#xE23;&#xE21;&#xE27;&#xE07;&#xE28;&#xE4C;&#xE40;&#xE18;&#xE2D; &#xE1E;&#xE23;&#xE30;&#xE2D;&#xE07;&#xE04;&#xE4C;&#xE40;&#xE08;&#xE49;&#xE32;&#xE1E;&#xE34;&#xE2A;&#xE21;&#xE31;&#xE22;&#xE1E;&#xE34;&#xE21;&#xE25;&#xE2A;&#xE31;&#xE15;&#xE22;&#xE4C;</subfield>
  </datafield>
  <datafield tag="610" ind1="2" ind2="4">
    <subfield code="9">55196</subfield>
    <subfield code="a">&#xE15;&#xE33;&#xE2B;&#xE19;&#xE31;&#xE01;&#xE1E;&#xE23;&#xE30;&#xE2D;&#xE07;&#xE04;&#xE4C;&#xE40;&#xE08;&#xE49;&#xE32;&#xE08;&#xE38;&#xE11;&#xE32;&#xE23;&#xE31;&#xE15;&#xE19;&#xE23;&#xE32;&#xE0A;&#xE01;&#xE38;&#xE21;&#xE32;&#xE23;&#xE35;</subfield>
  </datafield>
  <datafield tag="610" ind1="2" ind2="4">
    <subfield code="9">55197</subfield>
    <subfield code="a">&#xE15;&#xE33;&#xE2B;&#xE19;&#xE31;&#xE01;&#xE1E;&#xE23;&#xE30;&#xE40;&#xE08;&#xE49;&#xE32;&#xE1A;&#xE23;&#xE21;&#xE27;&#xE07;&#xE28;&#xE4C;&#xE40;&#xE18;&#xE2D; &#xE1E;&#xE23;&#xE30;&#xE2D;&#xE07;&#xE04;&#xE4C;&#xE40;&#xE08;&#xE49;&#xE32;&#xE2D;&#xE32;&#xE17;&#xE23;&#xE17;&#xE34;&#xE1E;&#xE22;&#xE19;&#xE34;&#xE20;&#xE32;</subfield>
  </datafield>
  <datafield tag="610" ind1="2" ind2="4">
    <subfield code="9">55198</subfield>
    <subfield code="a">&#xE15;&#xE33;&#xE2B;&#xE19;&#xE31;&#xE01;&#xE40;&#xE2D;&#xE37;&#xE49;&#xE2D;&#xE19;&#xE2D;&#xE32;&#xE0A;&#xE27;&#xE4C;&#xE41;&#xE16;&#xE21;&#xE16;&#xE27;&#xE31;&#xE25;&#xE22;&#xE4C;</subfield>
  </datafield>
  <datafield tag="650" ind1=" " ind2="4">
    <subfield code="9">55192</subfield>
    <subfield code="a">&#xE21;&#xE2B;&#xE32;&#xE27;&#xE34;&#xE17;&#xE22;&#xE32;&#xE25;&#xE31;&#xE22;&#xE23;&#xE32;&#xE0A;&#xE20;&#xE31;&#xE0F;&#xE2A;&#xE27;&#xE19;&#xE2A;&#xE38;&#xE19;&#xE31;&#xE19;&#xE17;&#xE32;</subfield>
    <subfield code="x">&#xE15;&#xE33;&#xE2B;&#xE19;&#xE31;&#xE01;</subfield>
  </datafield>
  <datafield tag="650" ind1=" " ind2="4">
    <subfield code="9">6958</subfield>
    <subfield code="a">&#xE01;&#xE32;&#xE23;&#xE41;&#xE15;&#xE48;&#xE07;&#xE01;&#xE32;&#xE22;</subfield>
    <subfield code="z">&#xE44;&#xE17;&#xE22;</subfield>
  </datafield>
  <datafield tag="850" ind1=" " ind2=" ">
    <subfield code="a">NALT</subfield>
  </datafield>
  <datafield tag="942" ind1=" " ind2=" ">
    <subfield code="c">GB</subfield>
    <subfield code="2">lcc</subfield>
  </datafield>
  <datafield tag="998" ind1=" " ind2=" ">
    <subfield code="a">bijaya</subfield>
    <subfield code="c">103</subfield>
    <subfield code="j">1020</subfield>
    <subfield code="k"> &#xE19;&#xE32;&#xE07;&#xE08;&#xE33;&#xE40;&#xE23;&#xE35;&#xE22;&#xE07;  &#xE23;&#xE30;&#xE27;&#xE31;&#xE07;&#xE2A;&#xE33;&#xE42;&#xE23;&#xE07;</subfield>
  </datafield>
  <datafield tag="999" ind1=" " ind2=" ">
    <subfield code="c">98562</subfield>
    <subfield code="d">98562</subfield>
  </datafield>
  <datafield tag="952" ind1=" " ind2=" ">
    <subfield code="0">0</subfield>
    <subfield code="1">0</subfield>
    <subfield code="2">lcc</subfield>
    <subfield code="4">0</subfield>
    <subfield code="7">0</subfield>
    <subfield code="8">CGBL</subfield>
    <subfield code="a">NALT</subfield>
    <subfield code="b">NALT</subfield>
    <subfield code="c">GEN</subfield>
    <subfield code="d">2021-10-28</subfield>
    <subfield code="o">LG 395.S92 &#xE23;425&#xE1B; 2562</subfield>
    <subfield code="p">3961212358</subfield>
    <subfield code="r">2022-02-21 00:00:00</subfield>
    <subfield code="t">&#xE09;.1</subfield>
    <subfield code="w">2021-10-28</subfield>
    <subfield code="y">GB</subfield>
  </datafield>
</record>
